000 00749cab a22002055a 4500
001 L151925
008 110111e20101211xxk 000 0 eng d
035 _a(Sirsi) u151925
041 0 _aeng
100 1 _aAshman, Kevin
245 0 0 _aNew layer of confusion
260 _c2010
490 _aEstates Gazette
_v(1049) 11 December 2010, 71(1)
520 _aGives advice on how limited liability partnerships are treated for stamp duty land tax purposes after HM Revenue & Customs issued guidance outlining a change in October 2010. Implications for partnerships include transfers between a partnership and its subsidiary.
590 _aKA
651 4 _aUnited Kingdom
_y
690 _aPROPERTY-TAXATION
700 1 _aHill, Suzanne
942 _n0
999 _c82867
_d82867